Fr. Conceicao Rodrigues College of Engineering

Modern Welding technology (Record no. 22161)

MARC details
000 -LEADER
fixed length control field 00311nam a2200145Ia 4500
082 ## - DEWEY DECIMAL CLASSIFICATION NUMBER
Classification number 671.52
Item number Car
100 ## - MAIN ENTRY--PERSONAL NAME
Personal name Cary/ Howard B.
245 ## - TITLE STATEMENT
Title Modern Welding technology
260 ## - PUBLICATION, DISTRIBUTION, ETC.
Name of publisher, distributor, etc. prentice hall
Place of publication, distribution, etc. New Jersey
Date of publication, distribution, etc. 1979
300 ## - PHYSICAL DESCRIPTION
Extent 736
546 ## - LANGUAGE NOTE
Language note ENGLISH
654 ## - SUBJECT ADDED ENTRY--FACETED TOPICAL TERMS
Focus term Welding
942 ## - ADDED ENTRY ELEMENTS (KOHA)
Koha item type Reference Book
Holdings
Withdrawn status Lost status Damaged status Not for loan Collection Home library Current library Shelving location Date acquired Total Checkouts Full call number Barcode Date last seen Price effective from Koha item type
        AFT Fr. Agnel's C.Rodrigues College of Engineering Fr. Agnel's C.Rodrigues College of Engineering   17/03/2023   671.52 Car AFT2477 17/03/2023 17/03/2023 Reference Book